00675nam a2200241 a 4500001001300000003000900013005001700022008004100039020000900080082001800089100001600107245003400123260002700157300000900184500003500193505001000228650003300238700001600271902000800287942000700295952011600302999001500418nice12345678IN_TiNIC20260116012132.0050524s1977 dela grp 000 0 eng  ac3500a915.4052bJUN aJung, Anees aWhen a Place Becomes a Person aDelhibVikas Pubc1977 a137p aincludes index and biblioraphy2 aIndex aIndia-Travel and Description1 aJung, Anees bSRS cBK 001040708StackRoom-aHMIbHMId2007-06-05g35.00l0o915.4052 JUNp09217r2007-06-05v35.00w2005-05-24yBK c5778d5778